000 00804nam a2200217 4500
001 126943
003 ES-MaACL
005 20250916063052.0
007 t|
008 070214m19191920sp r ||||1| cat d
100 1 _aRiber, Llorenç,
_d1881-1958
_996765
245 1 4 _aEls sants de Catalunya /
_c[per Mossen Llorenç Riber].
260 _aBarcelona :
_bEd. Catalana,
_c1919-20.
300 _a3 v. ;
_c20 x 13 cm.
505 8 _aContiene: v. I: Cicle romáa : Els mártirs ----. v. II: Cicle visigáotic : Els doctors --- v. III: Cicle comtal: Els patriarques, els fundadors
740 0 _aCicle romáa : Els mártirs.
740 0 _aCicle visigáotic : Els doctors.
740 0 _aCicle comtal : Els patriarques, els fundadors.
852 _aES-MaACL
_jG-7690-92
999 _c126943
_d126943